Programming in Clipper 5

I tiakina i:
Ngā taipitopito rārangi puna kōrero
Ngā kaituhi matua: Schinkel, Mike (Author), Kaster, John (Author), Borns, Patricia (Author)
Hōputu: Pukapuka
Reo:Ingarihi
I whakaputaina: Reading Addison-Wesley 1992
Ngā marau:
Ngā Tūtohu: Tāpirihia he Tūtohu
Kāore He Tūtohu, Me noho koe te mea tuatahi ki te tūtohu i tēnei pūkete!

MARC

LEADER 00000nam a2200000 a 4500
001 UCV5638
003 CL-VaPUC
008 930419e19920000US |||||||||||||||||eng|d
082 0 4 |a 005.453  |b SCH  |2 21 
100 0 |a Schinkel, Mike  |e author  |9 299925 
700 0 |a Kaster, John  |e author  |9 299926 
700 0 |a Borns, Patricia  |e author  |9 299927 
245 1 0 |a Programming in Clipper 5 
300 |a 958 p 
942 |c BK 
945 |d 19930419 00:00:00 
260 |a Reading  |b Addison-Wesley  |c 1992 
650 7 |a COMPILADORES PROGRAMAS PARA COMPUTADOR  |2 CL-VaPUC  |9 262461 
650 7 |a CLIPPER PROGRAMA PARA COMPUTADOR  |2 CL-VaPUC  |9 262462 
583 |a last modification  |c 19930419 00:00:00  |k Rodrigo Vera 
999 |c 212070  |d 212068 
952 |0 0  |1 0  |4 0  |6 005_453000000000000_SCH_1992  |7 0  |8 A  |9 192432  |a BIBING  |b BIBING  |d 2019-11-14  |i 259921K  |o 005.453 SCH 1992  |p 259921K  |r 2025-01-20  |w 2019-11-14  |y BK  |k CCI